LEADER 02658nam 2200625Ia 450 001 9910792697703321 005 20230725023542.0 010 $a1-283-51411-7 010 $a9786613826565 010 $a1-4443-2321-0 010 $a1-4443-2322-9 035 $a(CKB)2670000000028236 035 $a(EBL)547211 035 $a(OCoLC)657311847 035 $a(SSID)ssj0000413536 035 $a(PQKBManifestationID)11300738 035 $a(PQKBTitleCode)TC0000413536 035 $a(PQKBWorkID)10381168 035 $a(PQKB)10220242 035 $a(MiAaPQ)EBC547211 035 $a(Au-PeEL)EBL547211 035 $a(CaPaEBR)ebr10395527 035 $a(CaONFJC)MIL382656 035 $a(EXLCZ)992670000000028236 100 $a20100317d2010 uy 0 101 0 $aeng 135 $aurcn||||||||| 181 $ctxt 182 $cc 183 $acr 200 10$aCardiac pacemakers and resynchronization therapy step by step$b[electronic resource] $ean illustrated guide /$fS. Serge Barold, Roland X. Stroobandt, Alfons F. Sinnaeve 205 $a2nd ed. 210 $aChichester, West Sussex, UK $cWiley-Blackwell$d2010 215 $a1 online resource (480 p.) 300 $aDescription based upon print version of record. 311 $a1-4051-8636-4 320 $aIncludes bibliographical references and index. 327 $aCardiac Pacemakers and Resynchronization Step-by-Step : AN ILLUSTRATED GUIDE; Contents; Preface to the first edition; Preface to the second edition; Abbreviations; Color Plate Section; Text: Overview of cardiac pacing and cardiac resynchronization; Cardiac resynchronization (CRT); Appendix: guidelines; Further reading; Index 330 $aThis new edition of the bestselling step-by-step introduction to cardiac pacemakers now includes additional material on CRT and an accompanying website. It retains the effective use of full-page illustrations and short explanations that gained the book such enormous popularity and now provides information on recent advances in cardiac pacing, including biventricular pacing for the treatment of heart failure. 606 $aCardiac pacemakers$vPictorial works 606 $aHeart 615 0$aCardiac pacemakers 615 0$aHeart. 676 $a617.4/120645 700 $aBarold$b S. Serge$0896398 701 $aStroobandt$b R$g(Roland)$0896399 701 $aSinnaeve$b Alfons F$0896400 701 $aBarold$b S. Serge$0896398 801 0$bMiAaPQ 801 1$bMiAaPQ 801 2$bMiAaPQ 906 $aBOOK 912 $a9910792697703321 996 $aCardiac pacemakers and resynchronization therapy step by step$93698300 997 $aUNINA LEADER 04585nam 2200913 450 001 9910792472403321 005 20210510213414.0 010 $a0-8122-9158-1 024 7 $a10.9783/9780812291582 035 $a(CKB)2660000000035133 035 $a(EBL)3442587 035 $a(SSID)ssj0001546114 035 $a(PQKBManifestationID)16135684 035 $a(PQKBTitleCode)TC0001546114 035 $a(PQKBWorkID)12134979 035 $a(PQKB)11084027 035 $a(OCoLC)918967464 035 $a(MdBmJHUP)muse46671 035 $a(DE-B1597)452791 035 $a(OCoLC)1013944018 035 $a(OCoLC)952803233 035 $a(DE-B1597)9780812291582 035 $a(Au-PeEL)EBL3442587 035 $a(CaPaEBR)ebr11091001 035 $a(CaONFJC)MIL823206 035 $a(OCoLC)932313298 035 $a(MiAaPQ)EBC3442587 035 $a(PPN)254125832 035 $a(EXLCZ)992660000000035133 100 $a20150429h20162016 uy| 0 101 0 $aeng 135 $aurnnu---|u||u 181 $ctxt 182 $cc 183 $acr 200 10$aThinking sex with the early moderns /$fValerie Traub 210 1$aPhiladelphia :$cUniversity of Pennsylvania Press,$d[2016] 210 4$dİ2016 215 $a1 online resource (477 p.) 225 1 $aHaney Foundation series 300 $aDescription based upon print version of record. 311 $a0-8122-2389-6 311 $a0-8122-4729-9 320 $aIncludes bibliographical references and index. 327 $tFront matter --$tContents --$tPreface --$tChapter 1. Thinking Sex: Knowledge, Opacity, History --$tPart I. Making the History of Sexuality --$tChapter 2. Friendship's Loss: Alan Bray's Making of History --$tChapter 3. The New Unhistoricism in Queer Studies --$tChapter 4. The Present Future of Lesbian Historiography --$tPart II. Scenes of Instruction; or, Early Modern Sex Acts --$tChapter 5. The Joys of Martha Joyless: Queer Pedagogy and the (Early Modern) Production of Sexual Knowledge --$tChapter 6. Sex in the Interdisciplines --$tChapter 7. Talking Sex --$tPart III. The Stakes of Gender --$tChapter 8. Shakespeare's Sex --$tChapter 9. The Sign of the Lesbian --$tChapter 10. Sex Ed; or, Teach Me Tonight --$tNotes --$tBibliography --$tIndex --$tAcknowledgments 330 $aWhat do we know about early modern sex, and how do we know it? How, when, and why does sex become history? In Thinking Sex with the Early Moderns, Valerie Traub addresses these questions and, in doing so, reorients the ways in which historians and literary critics, feminists and queer theorists approach sexuality and its history. Her answers offer interdisciplinary strategies for confronting the difficulties of making sexual knowledge. Based on the premise that producing sexual knowledge is difficult because sex itself is often inscrutable, Thinking Sex with the Early Moderns leverages the notions of opacity and impasse to explore barriers to knowledge about sex in the past. Traub argues that the obstacles in making sexual history can illuminate the difficulty of knowing sexuality. She also argues that these impediments themselves can be adopted as a guiding principle of historiography: sex may be good to think with, not because it permits us access but because it doesn't. 410 0$aHaney Foundation series. 606 $aSex in literature 606 $aEnglish literature$yEarly modern, 1500-1700$xHistory and criticism 606 $aSex (Psychology)$xHistory$y16th century 606 $aSex (Psychology)$xHistory$y17th century 606 $aGender identity$zEngland$xHistory$y16th century 606 $aGender identity$zEngland$xHistory$y17th century 606 $aLanguage and sex$xHistory 606 $aRenaissance$zEngland 610 $aGay Studies. 610 $aGender Studies. 610 $aHistory. 610 $aLesbian Studies. 610 $aMedieval and Renaissance Studies. 610 $aQueer Studies. 610 $aWomen's Studies. 615 0$aSex in literature. 615 0$aEnglish literature$xHistory and criticism. 615 0$aSex (Psychology)$xHistory 615 0$aSex (Psychology)$xHistory 615 0$aGender identity$xHistory 615 0$aGender identity$xHistory 615 0$aLanguage and sex$xHistory. 615 0$aRenaissance 676 $a820.9/353809031 700 $aTraub$b Valerie$f1958-$01555216 801 0$bMiAaPQ 801 1$bMiAaPQ 801 2$bMiAaPQ 906 $aBOOK 912 $a9910792472403321 996 $aThinking sex with the early moderns$93816931 997 $aUNINA